000 00335nam a22001457a 4500
008 221006b ||||| |||| 00| 0 eng d
020 _a9780323355933
041 _aeng
080 _210TH EDITION
_a610.73
082 _a610.73 LEW
100 _a5
101 _aINF
245 _aMEDICAL SURGICAL NURSING
_cLEWIS SH
942 _2udc
_cBK
999 _c58380
_d58380